Дело по приказанию господина министра о запрещении помещать в журналах критические статьи, содержащие оскорбительные выражения

Доступно только в Электронных читальных залах Найти на картеНа карте
RUSMARC
00003725nmc2a22000003x 450
0014b5d0333-42ee-41e0-95f8-2419159f3650
00520180119131507.0
100##$a20151215l18241824k l0rusy0189 ca
1010#$arus
102##$aRU
2001#$aДело по приказанию господина министра о запрещении помещать в журналах критические статьи, содержащие оскорбительные выражения
$j1-2 июня 1824 г.
251##$cДело
300##$aДело
801#0$aRU
$bРГИА
$c20151215
$gRCR
801#1$aRU
$bГлавНИВЦ
$c20151215
$2rusmarc
801#2$aRU
$bПБ им. Б.Н. Ельцина
$c20180119
$gRCR
$2rusmarc
850##$aРГИА
852##$aРГИА
$eФедеральное казенное учреждение "Российский государственный исторический архив" (РГИА)
$j562
937##$hРГИА
$d12187333
$aASBIBLIO_SCAN
462#0$1001a72b6b5a-b506-4d67-873a-f622b4f5e56d
$12001
$aДела Департамента народного просвещения по цензурной части
$1251
$cОпись
$1852
$j118
461#0$1001a74412a3-3cc5-4d21-8f0a-dfe2fbd9e72d
$12001
$aДепартамент народного просвещения Министерства народного просвещения (1803-1917)
$1251
$cФонд
$1852
$j733
215##$a7 л.
$d36,5х26 см
371##$aДокумент не является опубликованным и широко распространяемым
105##$ay###
1222#$ad
035##$a4b5d0333-42ee-41e0-95f8-2419159f3650
856##$uhttp://readingroom.main.prlib.ru/item.aspx?id_node=n112551438&mode=full
Формат отображения